00463pam a2200157 a 4500020000500000041000800005082001300013100002100026245004800047260003000095300000800125653001200133930000900145999001700154952013400171 c aeng a000bWOR aWorld Book, Inc. aEyewitness Book : FossilhTextual Documents aChicagobWorld Book, Inc. a64. aGeneral a2629 c75910d75910 001040708ReferenceaPCPbPCPd1994-01-06eLotus Learining Ltdl0o000 WORpPCP-BMT-381r2023-02-24 00:00:00t1w2023-02-24yBK